LEADER 01047nam a22002651i 4500 001 991000827529707536 005 20040204101118.0 008 040220s1950 it |||||||||||||||||ita 035 $ab12676457-39ule_inst 035 $aARCHE-067479$9ExL 040 $aDip.to Scienze pedagogiche$bita$cA.t.i. Arché s.c.r.l. Pandora Sicilia s.r.l. 082 04$a371.1 100 1 $aModugno, Giovanni$0122607 245 13$aLa preparazione degli educatori /$cGiovanni Modugno 260 $aBrescia :$bLa Scuola,$c1950 300 $a127 p. ;$c17 cm 440 0$aScuola, cultura e vita 650 4$aEducatori$xFormazione 907 $a.b12676457$b02-04-14$c17-03-04 912 $a991000827529707536 945 $aLE022 MP 77 A 26$g1$i2022000098588$lle022$o-$pE0.00$q-$rl$s- $t0$u1$v0$w1$x0$y.i13186152$z17-03-04 945 $aLE022 MP 77 A 26 bis$g2$i2022000098595$lle022$o-$pE0.00$q-$rl$s- $t0$u0$v0$w0$x0$y.i13186164$z17-03-04 996 $aPreparazione degli educatori$9273572 997 $aUNISALENTO 998 $ale022$b17-03-04$cm$da $e-$fita$git $h3$i2